Statistics for 25 biggest cities in Poland by flags

Click here to take the quiz!

General Stats

  • This quiz has been taken 90 times
  • The average score is 11 of 25

Answer Stats

Answer% Correct
Warsaw
89%
Krakow
76%
Gdańsk
67%
Lodz
62%
Katowice
60%
Lublin
58%
Poznań
56%
Szczecin
53%
Wrocław
53%
Bydgoszcz
49%
Gdynia
49%
Białystok
47%
Radom
44%
Kielce
40%
Rzeszów
33%
Częstochowa
29%
Rybnik
29%
Toruń
29%
Bielsko-Biała
27%
Bytom
24%
Gliwice
24%
Olsztyn
24%
Zabrze
24%
Sosnowiec
20%
Zielona Góra
20%

Score Distribution

Percentile by Number Answered

Percent of People with Each Score

Your Score History

You have not taken this quiz